Envejecimiento y pensiones en Cuba: la carga creciente /

Збережено в:
Бібліографічні деталі
Автор: Mesa-Lago, Carmelo
Формат: Текст
Теги: Додати тег
Немає тегів, Будьте першим, хто поставить тег для цього запису!

MARC

LEADER 00000 a a2200000 04500
001 10916
003
040
100 |a Mesa-Lago, Carmelo  
245 |a Envejecimiento y pensiones en Cuba:   |b la carga creciente /  |c Carmelo Mesa-Lago 
773 |g número 216; páginas 123-132  
999 |c 29269  |d 29269